| 000 | 00706nam a2200241 a 4500 | ||
|---|---|---|---|
| 001 | 50415 | ||
| 003 | BD-RjUL | ||
| 005 | 20211209075514.0 | ||
| 008 | 160827s1963 njua 001 0 eng d | ||
| 035 | _a(BD-RjUL)50535 | ||
| 040 |
_aBD-RjUL _beng _cBD-RjUL |
||
| 041 | _aeng | ||
| 082 |
_223 _a514 _bKEL 1963 |
||
| 100 | 1 |
_aKelley. John L. _9151066 |
|
| 245 | 1 | 0 |
_aLinear topological spaces / _cby J.L. Kelley et al |
| 260 |
_aPrinceton, N.J : _bVan Nostrand, _c1963 |
||
| 300 |
_axv, 256 p. ; _c24 cm |
||
| 490 | 1 | _aThe University series in higher mathematics | |
| 504 | _aBibliography: p.248 | ||
| 650 | 0 |
_a Linear topological spaces _9151067 |
|
| 700 | 1 |
_aNamioka, Isaac. _9151068 |
|
| 942 |
_2ddc _cBK |
||
| 999 |
_c50415 _d50415 |
||